000
00330nam a22001457a 4500
008
210511b ||||| |||| 00| 0 eng d
020
_a
9781284032765
041
_a
eng
080
_2
7th
_a
610.73
082
_a
610.73
100
_a
1
101
_a
INF
245
_a
PHTLS Prehospital Trauma Life Support
_c
CT
942
_2
udc
_c
BK
999
_c
57173
_d
57173